000 00769nam a2200289Ia 4500
005 20260324121502.0
008 008 260324s9999 xx 000 0 eng d
020 _a9781003236207
037 _aEBOOK
040 _aCRL
040 _beng
040 _cCRL
041 _2eng
041 _aeng
084 _qCRL
100 _aBeth Ahlgrim; Bill Fritz; Jeremy Gertzfield; Lisa Lukens
_91162703
245 0 _aLiterature Activities Teens Actually Love
245 0 _bAuthentic Projects for the Language Arts Classroom (Grades 9-12)
260 _bTaylor and Francis
260 _c2014
365 _a
365 _b72.99
856 _uhttp://www.taylorfrancis.com/books/9781003236207
942 _cEBOOK
999 _c1754823
_d1754823